[Event "Kolomna"]
[Site "Kolomna"]
[Date "2009.10.14"]
[Round "11"]
[White "Vlasenkov, Mikhail"]
[Black "Ivanov, Yuri Alexander"]
[Result "0-1"]
[WhiteElo "2022"]
[BlackElo "2008"]
[PlyCount "94"]
[EventDate "2009.09.27"]
[EventType "tourn"]
[EventRounds "11"]
[EventCountry "RUS"]
[SourceTitle "EXT 2010"]
[Source "ChessBase"]
[SourceDate "2010.11.25"]
[SourceVersion "1"]
[SourceVersionDate "2010.11.25"]
[SourceQuality "1"]

1. c4 c6 2. Nc3 e6 3. d4 d5 4. e3 a6 5. cxd5 exd5 6. Be2 Nf6 7. Nf3 Bd6 8. 0-0 0-0 9. Ne5 Bf5 10. f4 Nbd7 11. Bf3 Ne4 12. Nxe4 Bxe4 13. Bxe4 dxe4 14. Qc2 Nf6 15. Bd2 Rc8 16. Qb3 Qe7 17. Nc4 Nd5 18. a3 b5 19. Nxd6 Qxd6 20. Rac1 Rfe8 21. Rc5 Nb6 22. Bb4 Qe6 23. Qc2 f5 24. b3 Nd7 25. Rc3 Qd5 26. Rc1 Re6 27. Bc5 h6 28. a4 g5 29. g3 Kh7 30. axb5 axb5 31. Ra1 Rg8 32. Ra7 gxf4 33. exf4 Rg7 34. Qf2 Reg6 35. Ra1 h5 36. b4 h4 37. Raa3 Nf6 38. Ra7 e3 39. Rxg7+ Rxg7 40. Qxe3 hxg3 41. Qf3 gxh2+ 42. Kxh2 Qa2+ 43. Kh1 Qa1+ 44. Kh2 Qg1+ 45. Kh3 Rg6 46. Bf8 Ne4 47. Re3 Nf2+ 0-1

[Event "Kolomna City-ch"]
[Site "Kolomna"]
[Date "2008.01.30"]
[Round "8"]
[White "Kovpak, Igor"]
[Black "Vlasenkov, Mikhail"]
[Result "1-0"]
[WhiteElo "2011"]
[BlackElo "2079"]
[PlyCount "67"]
[EventDate "2008.01.08"]
[EventType "tourn"]
[EventRounds "15"]
[EventCountry "RUS"]
[SourceTitle "EXT 2009"]
[Source "ChessBase"]
[SourceDate "2008.11.26"]
[SourceVersion "1"]
[SourceVersionDate "2008.11.26"]
[SourceQuality "1"]

1. d4 e6 2. c4 c6 3. Nf3 Nf6 4. Qc2 d5 5. Nc3 Nbd7 6. e3 h6 7. a3 g5 8. c5 g4 9. Nd2 e5 10. dxe5 Nxe5 11. b4 Bg7 12. Bb2 0-0 13. 0-0-0 Qc7 14. h3 b6 15. cxb6 axb6 16. Nb3 Ra7 17. Nd4 Qe7 18. Nf5 Bxf5 19. Qxf5 gxh3 20. Rxh3 Ng6 21. g4 Qe6 22. Bd3 Qxf5 23. gxf5 Ne5 24. Be2 Re7 25. Rg1 Kh7 26. Rhg3 Rg8 27. Na4 b5 28. Nc5 Ree8 29. f4 Nc4 30. Bxc4 bxc4 31. Nd7 Nh5 32. Rxg7+ Rxg7 33. Rxg7+ Nxg7 34. Nf6+ 1-0